| 000 | 01237nam0a2200349 4500 | ||
|---|---|---|---|
| 001 | RU\NLR\bibl\1847568 | ||
| 005 | 20260405184101.0 | ||
| 010 |
_a978-5-227-03179-2 _94000 |
||
| 021 |
_aRU _b2011-94423 _96770 |
||
| 035 | _a(nilc)RSL-KNO-005108686 | ||
| 035 | _a(NLR Aleph) 001837988 | ||
| 090 |
_a2232395 _c2232395 |
||
| 100 | _a20111208d2011 |||y0rusy50 ca | ||
| 101 | 1 |
_arus _ceng |
|
| 102 | _aRU | ||
| 105 | _ay ||||||||| | ||
| 200 | 1 |
_aСнежная слепота _eроман _fПи Джей Трейси _g[пер. с англ. И.Е. Полоцка] |
|
| 210 |
_aМосква _cЦентрполиграф _d2011 |
||
| 215 |
_a286, [1] с. _d18 |
||
| 225 | 1 | _aCrime. Thriller. Horror | |
| 225 | 1 | _aМастера остросюжетного романа | |
| 320 | _aДр. произведения авт. на 4-й с. обл. | ||
| 686 |
_aШ5(7США)62-644.6 _2rubbk |
||
| 686 | _aШ6(7США)67-446{Лх1979-60} | ||
| 700 | 1 |
_4070 _8rus _7ca _aТрейси _bП. Д. _cпсевдоним _gПи Джей _3RU\NLR\auth\7780607 _963535 |
|
| 801 | 0 |
_aRU _bRuMoRKP _c20111208 _grcr |
|
| 801 | 1 |
_aRU _bРГБ _c20111208 |
|
| 801 | 2 |
_aRU _bNLR _c20111213 _grcr |
|
| 942 | _cBOOK | ||
| 980 | _aNB | ||
| 980 | _aNBR | ||